00354pab a2200121 454500008004000000100002100040245007300061260000900134300001500143362001000158650003000168773003400198180718b1995 xxu||||| |||| 00| 0 eng d aNavlakha, Gautam aUnder the guise of women's empowermentbfate of Rajasthan's sathins. c1995 ap.1645-647 a8 Jul aWomen - India - Rajasthan aEconomic and Political Weekly